DC villains sudden death - Statistics

General Stats
  • This quiz has been taken 204 times
  • The average score is 9 of 12
Answers on the Grid
Answers color-coded by a green-red scale on the quiz's grid according to % correct below.
batman
carnage
joker
thanos
penguin
darkseid
redskull
batman who laughs
brainiac
John constantine
deathstroke
kraven
deadshot
zoom
reverse flash
savitar
galactus
scarecrow
gorilla grodd
mysterio
 
Answer Stats
Answer % Correct
joker
95%
penguin
91%
darkseid
82%
scarecrow
77%
deathstroke
76%
brainiac
74%
batman who laughs
72%
deadshot
72%
reverse flash
71%
gorilla grodd
69%
zoom
62%
savitar
56%
No matching quizzes found
Score Distribution
Percent of People with Each Score
Percentile by Number Answered
Your Score History
You have not taken this quiz